Plague Inc: Plague Types - Statistics

General Stats
  • This quiz has been taken 13 times
  • The average score is 7 of 7
Answer Stats
Plague Type % Correct
Bacteria
100%
Fungus
100%
Parasite
100%
Virus
100%
Bio-Weapon
91%
Nano-Virus
91%
Prion
82%
No matching quizzes found
Score Distribution
Percent of People with Each Score
Percentile by Number Answered
Your Score History
You have not taken this quiz